Estatísticas para Nervos Base do Crânio

Clique aqui para jogar o quiz

Estatísticas Gerais

  • Esse quiz foi jogado 12 vezes
  • A pontuação média é 8 de 15

Estatísticas das Respostas

HintResposta% Correto
5Nervo facial
80%
11Nervo trigémeo
80%
8Nervo vago
80%
10Nervo acessório
60%
7Nervo glossofaríngeo
60%
1Nervo olfativo
60%
15Nervo ótico
60%
6Nervo vestibulo-coclear
60%
13Nervo abducente
40%
9Nervo hipoglosso
40%
4Nervo mandibular
40%
3Nervo maxilar
40%
2Nervo oftálmico
40%
12Nervo troclear
40%
14Nervo óculo-motor
20%

Distribuição das Pontuações

Percentil de Números Respondidos

Porcentagem de Pessoas com Cada Pontuação

Sua Pontuação Histórica

Você não jogou esse quiz